00411nam a2200109Ia 4500008004100000050002400041100003000065245006500095260008600160300002800246521002700274140724s9999 xx 000 0 und d aQA 76.5b.D353 2012 aDelim, Megan Merrielle L. aBilling system for Joyce Waters /cMegan Merrielle L. Delim. aLas Piñas, Philippines :bSouthville International School and Colleges,cc2012. a41 p. :bill. ;c28 cm. aInformation Technology